000 00545nam a2200181Ia 4500
008 151018s9999 xx 000 0 und d
082 _bRBASDV49861
_a891.433
100 _aशरण अंजलि
245 _aअचरज भरी खोजे
250 _b1
260 _bपाण्डूलिपी
_c2009
300 _a55
600 _aशरण अंजलि
630 _aअचरज भरी खोजे
700 _aशरण अंजलि
730 _aअचरज भरी खोजे
942 _cBOOK
999 _c1048859
_d1048856